| 000 | 00464nam a2200193Ia 4500 | ||
|---|---|---|---|
| 005 | 20240919020743.0 | ||
| 008 | 240331s9999 xx 000 0 und d | ||
| 020 | _a0415026776 | ||
| 082 |
_bNEA _a709 |
||
| 100 | _aNead, L | ||
| 245 | 4 |
_aThe female nude : _bart, obscenity and sexuality |
|
| 260 |
_aLondon _bRoutledge _c1992 |
||
| 300 | _axi, 133 p ., | ||
| 650 | _aArt Criticism | ||
| 650 | _aSex | ||
| 650 | _aCultural | ||
| 650 | _aAesthetics | ||
| 942 | _cL | ||
| 999 |
_c3077 _d3077 |
||